| 000 | 00702nam a2200229 a 4500 | ||
|---|---|---|---|
| 001 | 73464 | ||
| 003 | BD-RjUL | ||
| 005 | 20211209082411.0 | ||
| 008 | 170601s19631959enkacf b 001 0beng | ||
| 035 | _a(BD-RjUL)73682 | ||
| 040 |
_aDLC _cDLC _dUKM _dEQO _dBD-RjUL _beng |
||
| 041 | _aeng | ||
| 082 |
_a635.93347 _223 _bBOC 1963 |
||
| 100 | 1 |
_aBorg, J. _q(John) _9217338 |
|
| 245 | 1 | 0 |
_aCacti : _ba gardener's handbook for their identification and cultivation / _cwith a biography of the author by Beatrice Borg. |
| 250 | _a3rd ed. | ||
| 260 |
_aLondon : _bBlandford P., _c1963. |
||
| 300 |
_a512 p.: _bill. ;. _c22 cm. |
||
| 504 | _aBibliography: p. 481. | ||
| 650 | 0 |
_aCactus. _9217339 |
|
| 942 |
_2ddc _cBK |
||
| 999 |
_c73464 _d73464 |
||